|
|
|
|
| LEADER |
00000nam a2200000 a 4500 |
| 001 |
vtls012252097 |
| 003 |
SK-MaSNL |
| 005 |
20260302002540.0 |
| 008 |
240306s2024 xo f u 000 0 slo |
| 015 |
|
|
|a SNBN2024
|
| 040 |
|
|
|a SNK
|b slo
|c SNK
|e AACR2
|
| 041 |
1 |
|
|a slo
|h eng
|
| 044 |
|
|
|a xo
|c SK
|
| 046 |
|
|
|a s
|m 20240301 (účin. )
|
| 072 |
|
7 |
|a 006
|x Metrológia. Štandardizácia
|2 konspekt
|
| 072 |
|
7 |
|a 51
|x Matematika
|2 konspekt
|
| 080 |
|
|
|a 51
|2 2011
|
| 080 |
|
|
|a 006.7/.8
|2 2011
|
| 080 |
|
|
|a (437.6)
|2 2011
|
| 080 |
|
|
|a (4)
|2 2011
|
| 084 |
|
|
|a 01.060
|2 ICS
|
| 084 |
|
|
|a 01.075
|2 ICS
|
| 130 |
0 |
|
|a STN 01 1301 (STN EN ISO 80000-2/O1)
|9 640050
|
| 245 |
1 |
0 |
|a STN EN ISO 80000-2/O1: 2024 (01 1301), Veličiny a jednotky
|n Časť 2
|p Matematika (ISO 80000-2: 2019, opravená verzia 2021-11). Oprava 1
|
| 246 |
1 |
0 |
|a Veličiny a jednotky. Časť 2
|
| 246 |
1 |
0 |
|a Matematika
|
| 246 |
3 |
0 |
|a (ISO 80000-2: 2019, opravená verzia 2021-11)
|
| 246 |
1 |
0 |
|a Oprava 1
|
| 260 |
|
|
|a Bratislava
|b Úrad pre normalizáciu, metrológiu a skúšobníctvo Slovenskej republiky
|c 2024
|
| 300 |
|
|
|a 2 strany
|c 30 cm
|
| 500 |
|
|
|a Súbežný názov v angličtine, francúzštine, nemčine
|
| 500 |
|
|
|a Spracovateľ: Úrad pre normalizáciu, metrológiu a skúšobníctvo SR
|
| 540 |
|
|
|a STN vydané na akomkoľvek nosiči sa môžu rozmnožovať a rozširovať iba so súhlasom určenej právnickej osoby
|b SÚTN Bratislava
|c zákon 60/2018 Z. z.
|
| 650 |
0 |
7 |
|a medzinárodná sústava jednotiek SI
|2 SNKPH
|9 82541
|
| 650 |
0 |
7 |
|a technické normy a štandardy
|z Slovensko
|2 SNKPH
|9 79594
|
| 650 |
0 |
7 |
|a technické normy a štandardy
|z krajiny Európskej únie
|2 SNKPH
|9 289341
|
| 650 |
0 |
7 |
|a metrológia
|2 SNKPH
|9 940
|
| 650 |
0 |
7 |
|a matematika
|2 SNKPH
|9 70174
|
| 650 |
0 |
7 |
|a International metric system
|2 SNKPHeng
|9 342503
|
| 650 |
0 |
7 |
|a Mathematics
|2 SNKPHeng
|9 265620
|
| 655 |
|
7 |
|a normy
|2 SNKPH
|9 70643
|
| 710 |
1 |
|
|a Slovensko.
|b Úrad pre normalizáciu, metrológiu a skúšobníctvo
|4 stn
|9 158117
|
| 710 |
2 |
|
|a Slovenský ústav technickej normalizácie (Bratislava, Slovensko)
|4 stn
|9 330570
|
| 774 |
1 |
8 |
|t STN EN ISO 80000-2: 2022
|d Bratislava : Úrad pre normalizáciu, metrológiu a skúšobníctvo Slovenskej republiky, 2022
|w vtls012125448
|
| 958 |
|
|
|a OP
|
| 999 |
|
|
|c 988558
|d 990488
|
| 952 |
|
|
|a SNK
|b SNK
|y PREZ
|7 0
|p 17A1537714
|o snkSTN EN ISO 80000-2/O1
|i snk2024/17395
|8 0
|0 0
|1 0
|4 0
|d 2024-11-15
|l 0
|r 2026-02-24 11:40:41
|w 2026-02-24
|